| 000 | 00511nam a22001937a 4500 | ||
|---|---|---|---|
| 003 | LC | ||
| 005 | 20160223092006.0 | ||
| 008 | 121114t xxu||||| |||| 00| 0 eng d | ||
| 020 | _a0373033001 | ||
| 050 |
_aPR 1309 _b.M621 1994 |
||
| 082 |
_aFIC _bM58s 1994 |
||
| 100 |
_aMichaels, Leigh _920637 |
||
| 245 |
_aA singular honeymoon _cLeigh Michaels |
||
| 260 |
_aCanada : _bHarlequin Enterprise Limited, _c1994. |
||
| 300 |
_a185 p. : _c17 cm |
||
| 650 |
_aFiction. _9746 |
||
| 942 |
_2lcc _cBK |
||
| 999 |
_c11569 _d11569 |
||